000 00328nam a22001457a 4500
008 230124b ||||| |||| 00| 0 eng d
020 _a9781465259066
041 _aeng
080 _a575
082 _a575DRI
100 _a13
101 _aBIO
245 _aINTRODUCTION TO COLLEGE CHEMISTRY
_cDRISCOLL A J
942 _2udc
_cBK
999 _c59267
_d59267